| 000 | 01122nam a2200157Ia 4500 | ||
|---|---|---|---|
| 008 | 220104s9999 xx 000 0 und d | ||
| 100 | _aNjoku Obioma U | ||
| 245 | 3 | _aAn investigation on oil of rubber seed (Hevea brasiliensis) | |
| 520 | _aOil from seeds of Hevea brasiliensis traditionally used as thickening agent for source preparation was isolated, and its physical and chemical characteristics determined. Saponification yielded saturated and unsaturated fatty acids which were seperated by preferential crystallization using organic solvents. Methanol, Ethanol, Hexane and Acetone were found effective solvents in this regard. Gas liquid chromatography (GLC) revealed large amounts of C18 fatty acids as well as traces of other fatty acids. The iodine values show that the solvents used in this study gave excellent yields of fatty acids with acetone being the most effective as a crystallization solvent to oil ratio 3:1 at 5degreeC. | ||
| 650 | _aChemical composition | ||
| 650 | _aFatty acid composition | ||
| 650 | _aRubber seed oil | ||
| 700 | _aOnonogbu I C | ||
| 700 | _aOwusu Ansah J Y | ||
| 942 | _cBE | ||
| 999 |
_c47342 _d47342 |
||